Open Data Biblioteca Nacional de Portugal


República Portuguesa: Ministério da Cultura
Biblioteca Nacional de Portugal

Catálogo da BNP: acesso por Identificadores Unívocos
Registos Bibliográficos associados ao registo de autoridade

Etiqueta de registo: 00254nam 2200025 450
001 2002261
003 http://id.bnportugal.gov.pt/bib/catbnp/2002261
100 ## $a20181008d1717 m y0pory01030103ba
101 0# $aspa
102 ## $aES
105 ## $ay z 001yy
106 ## $ar
200 1# $aAritmetica practica, y especvlativa, del bachiller Ivan Perez de Moya
205 ## $aAora nvevamente corregida, y añadidas por el mismo Autor muchas cosas...
210 #9 $aEn Madrid$cpor Angel Pasqual Rubio,$d1717
215 ## $a[2], 152 f., 153-250 p., 252-253 f., 255-275 p. [i.e. 222 f.], [8] f.$d4º (21 cm)
215 ## $aF. de rosto com moldura tipográfica de motivos florais
307 ## $aNa f. de rosto, sigla impressa da Companhia de Jesus
316 ## $aF. de rosto rasgada, faltando uma parte . - Falta o último f.$5PTBN: S.A. 2500 P.
518 1# $aAritmetica practica y especulativa
620 ## $dMadrid
700 #1 $aPérez de Moya,$bJuan,$fca. 1514-1597$380697
702 #1 $aRubio,$bÁngel Pascual,$ffl. 1715-1733$4610$31390681
801 #0 $aPT$bBN$gRPC
966 ## $lBN$mFGMON$sS.A. 2500 P.
997 ## $aBIBEOD

Etiqueta de registo: 00453nam 22001571i 450
001 1266366
003 http://id.bnportugal.gov.pt/bib/catbnp/1266366
100 ## $a20020801d1727 m y0pory0103 ba
101 0# $aspa
102 ## $aES
200 1# $aDestierro de ignorancias y aviso de penitentes$eprimera, segunda y tercera parte$epictima del alma y arte de ayudar a bien morir$fcompuesto por el Padre Fray Alonso de Vascones... de los Descalços del Serafico Padre San Francisco..
205 ## $aCorregido y enmendado en esta vltima impression
210 #9 $aEn Madrid$cen la Imprenta de Angel Pasqual Rubio,$d1727
215 ## $a8], 345, [7] p.$d4º (20cm)
305 ## $aMenção de edição precede menção de responsabilidade
307 ## $aNa p. de tít., xilogr. de Santo António
307 ## $aAssin.: Sign.: [¶]//4, A-Y//8
321 1# $aCCPB000561465-1$uhttp://www.mcu.es/bibliotecas/MC/CCPB/index.html
327 1# $aNo verso do f. G//2, inclui poesia de Lope de Vega
620 ## $dMadrid
700 #1 $aVascones,$bAlonso de,$cO.F.M.$31507903
702 #1 $aRubio,$bÁngel Pascual,$ffl. 1715-1733$4610$31390681
801 #0 $aPT$bBN$gRPC
801 #1 $aFR$bJOUVE$gRPC
966 ## $lBN$mFGMON$sR. 2297 V.$x0
997 ## $aBIBEOD

Etiqueta de registo: 00495nam 22001571i 450
001 1212148
003 http://id.bnportugal.gov.pt/bib/catbnp/1212148
100 ## $a20020304d1717 m y0pory0103 ba
101 1# $aspa$clat
102 ## $aES
106 ## $ar
200 1# $aTeorica y practica en Cirugia$fde el insigne, y famoso Doctor Juan de Vigo...$gtraducida de latim em castelhano por el Doctor Miguel Juan Pasqual, valenciano
205 ## $aY aora nuevamente impressa, y de las faltas que tenia la otra impression, en esta van corregidas...
210 #9 $aEn Madrid$cen la Imprenta de Angel Pasqual Rubio$ca costa de Isidro Colomo...$cen la tienda de Francisco Rodriguez...,$d1717
215 ## $a[12], 401 [i.e. 383] p.$d2º (31 cm)
307 ## $aP. de tít. impressa a preto e vermelho
307 ## $aTexto a duas coln.
307 ## $aErro de pag.: repite duas vezes as p. 313-314, e passa da p. 367 à 388
321 1# $aPalau 364937
321 1# $aCCPB000515312-3$uhttp://www.mcu.es/bibliotecas/MC/CCPB/index.html
620 ## $dMadrid
700 #1 $aVigo,$bGiovanni de,$f1450-1525$31152625
702 #1 $aRubio,$bÁngel Pascual,$ffl. 1715-1733$4610$31390681
702 #1 $aColomo,$bIsidro,$f17--$4160$31390684
702 #1 $aRodríguez,$bFrancisco,$f17--$4160$31390685
702 #1 $aPascual,$bMiguel Juan,$f15--$4730$3281655
801 #0 $aPT$bBN$gRPC
801 #1 $aFR$bJOUVE$gRPC
966 ## $lBN$mFGMON$sS.A. 477 A. $x0
997 ## $aBIBEOD

Etiqueta de registo: 00254nam 2200025 450
001 2285526
003 http://id.bnportugal.gov.pt/bib/catbnp/2285526
100 ## $a20260429d1724 m y0pory01030103ba
101 0# $aspa
102 ## $aES
105 ## $aa z 000yy
106 ## $ar
200 1# $aArco de paz, y torre de fortaleza, vida, martyrio, y prodigiosos Milagros de Santa Barbara, Virgen, y Martyr, Abogada contra los truenos, y rayos, Gran Protectora de sus Devotos en la hora de la muerte, para no morir sin los Santos Sacramentos$fescrita por el P. Fr. Francisco de Jesus Maria
210 #9 $aEn Madrid$cen la imprenta de Angel Pasqual,$d1724
215 ## $a[16], 203, [21] p.$cil.$d8º (16 cm)
307 ## $aF. de rosto com orla tipogr.
307 ## $aXilogr. na f. ¶//2
307 ## $aAssin.: ¶//8, A-O//8
316 ## $aExemplar em mau estado, com f. dilaceradas e afetado por ação de insetos atingindo o texto. - Enc. em pergaminho$5PTBN: R. 1821 P.
620 ## $dMadrid
700 #1 $aJesus Maria,$bFrancisco de,$ffl. 172-$cO.F.M.$3184842
702 #1 $aRubio,$bÁngel Pascual,$ffl. 1715-1733$4610$31390681
801 #0 $aPT$bBN$gRPC
966 ## $lBN$mFGMON$sR. 1821 P.
971 ## $cpmesqui$d20260429
997 ## $aBIBEOD

OpendataBNP@bnportugal.pt | Mais informação sobre acesso aos dados BNP